HSE blitz falls from height again (Record no. 73289)

MARC details
000 -LEADER
fixed length control field 01058cam a2200181 4500
008 - FIXED-LENGTH DATA ELEMENTS--GENERAL INFORMATION
fixed length control field 030828n2003 000 0 eng u
035 ## - SYSTEM CONTROL NUMBER
System control number (Sirsi) u123383
245 ## - TITLE STATEMENT
Title HSE blitz falls from height again
260 ## - PUBLICATION, DISTRIBUTION, ETC.
Date of publication, distribution, etc. 2003
490 ## - SERIES STATEMENT
Series statement HSE News Release
Volume/sequential designation (E166:03) 27 August 2003 (3)
520 ## - SUMMARY, ETC.
Summary, etc. HSE is planning the second stage of its campaign to prevent falls from height in construction. "Don't fall for it" is part of a Europe-wide campaign aimed at reducing such incidents. HSE inspectors will be visiting construction sites across Great Britain in September, looking for improvements to compare with the results of the first blitz in June. HSE has also released a video, "A head for heights", aimed at the construction industry to explain the risks of working at height and how they can be managed safely. http://www.hse.gov.uk/press/2003/e03166.htm
590 ## - LOCAL NOTE (RLIN)
Local note WB
650 ## - SUBJECT ADDED ENTRY--TOPICAL TERM
Topical term or geographic name entry element CONSTRUCTION INDUSTRY
650 ## - SUBJECT ADDED ENTRY--TOPICAL TERM
Topical term or geographic name entry element ACCIDENTS AT WORK
650 ## - SUBJECT ADDED ENTRY--TOPICAL TERM
Topical term or geographic name entry element HEALTH AND SAFETY INSPECTIONS
690 ## - LOCAL SUBJECT ADDED ENTRY--TOPICAL TERM (OCLC, RLIN)
Topical term or geographic name as entry element BUILT ENVIRONMENT-BUILDING STANDARDS
942 ## - ADDED ENTRY ELEMENTS (KOHA)
Suppress in OPAC 0
Holdings
Withdrawn status Lost status Source of classification or shelving scheme Damaged status Not for loan Home library Current library Shelving location Date acquired Total Checkouts Barcode Date last seen Copy number Price effective from Koha item type
    Dewey Decimal Classification     London London News article 28/08/2003   123383-1001 06/08/2019 1 06/08/2019 News article